| 000 | 00563nam a22001577a 4500 | ||
|---|---|---|---|
| 008 | 161007b xxu||||| |||| 00| 0 eng d | ||
| 020 | _a9715131662 | ||
| 082 |
_22002 _aDFil 610.73 _bQ4 |
||
| 100 |
_915766 _aQuiambao- Udan, Josie |
||
| 245 |
_aMastering fundamentals of nursing concepts and clinical application: _ba reference book and study guide/ _cJosie Quiambao-Udan |
||
| 250 | _aFirst edition | ||
| 260 |
_aManila: _bEducational Publishing House, _cc2002. |
||
| 300 |
_aii, 272 pages: _billustrations; _c26 cm. |
||
| 650 | 0 |
_915767 _aNursing. |
|
| 942 |
_2ddc _cDFIL |
||
| 999 |
_c5040 _d5040 |
||